Valtioita satelliittikuvien mukaan #1 - Statistics

Yleistilastot
  • Tätä visaa on pelattu 1 799 kertaa
  • Keskiarvotulos 10 / 16
Vastaustilastot
Kuvavisa Vastaus % Oikein
Italia
100%
Australia
98%
Islanti
98%
Yhdistynyt kuningaskunta
96%
Kiina
91%
Ranska
86%
Portugali
80%
Panama
69%
Brasilia
65%
Malesia
46%
Bahama
40%
Tunisia
39%
Fidži
31%
Kap Verde
28%
Tansania
27%
Yhdistyneet arabiemiraatit
27%
Ehtoja vastaavia visoja ei löytynyt
Tulosjakauma
Jokaisen tuloksen saaneiden osuus
Persentiili vastausten määrän mukaan
Tuloshistoriasi
Et ole pelannut tätä visaa